The Kingfisher science encyclopedia / (Record no. 6895)

MARC details
000 -LEADER
fixed length control field 01067pam a2200289 a 4500
001 - CONTROL NUMBER
control field 2033811
003 - CONTROL NUMBER IDENTIFIER
control field GBCCL
005 - DATE AND TIME OF LATEST TRANSACTION
control field 20241126110614.0
008 - FIXED-LENGTH DATA ELEMENTS--GENERAL INFORMATION
fixed length control field 921117r19931991nyua j e 001 0 eng
010 ## -
-- 92043209
020 ## - INTERNATIONAL STANDARD BOOK NUMBER
International Standard Book Number 1856978427 :
Terms of availability $39.95
040 ## - CATALOGING SOURCE
Original cataloging agency DLC
Transcribing agency DLC
Modifying agency DLC
042 ## -
-- lcac
050 00 -
-- Q121
-- .K55 1993
082 00 - DEWEY DECIMAL CLASSIFICATION NUMBER
Classification number 503
Edition information 20
Item number KIN
245 04 - TITLE STATEMENT
Title The Kingfisher science encyclopedia /
Statement of responsibility, etc. general editor, Catherine Headlam.
260 ## - PUBLICATION, DISTRIBUTION, ETC.
Place of publication, distribution, etc. New York :
Name of publisher, distributor, etc. Kingfisher Books,
Date of publication, distribution, etc. 1993.
300 ## - PHYSICAL DESCRIPTION
Extent 768 p. :
Other physical details col. ill. ;
Dimensions 27 cm.
500 ## - GENERAL NOTE
General note Includes indexes.
520 ## - SUMMARY, ETC.
Summary, etc. Presents articles on scientific and technological topics arranged in alphabetical order.
650 #0 - SUBJECT ADDED ENTRY--TOPICAL TERM
Topical term or geographic name entry element Science
General subdivision Encyclopedias, Juvenile.
9 (RLIN) 12310
650 #1 - SUBJECT ADDED ENTRY--TOPICAL TERM
Topical term or geographic name entry element Science
General subdivision Encyclopedias.
9 (RLIN) 12311
700 1# - ADDED ENTRY--PERSONAL NAME
Personal name Headlam, Catherine.
9 (RLIN) 12312
906 ## - LOCAL DATA ELEMENT F, LDF (RLIN)
a 7
b cbc
c orignew
d 1
e ocip
f 19
g y-gencatlg
942 ## - ADDED ENTRY ELEMENTS (KOHA)
Source of classification or shelving scheme Dewey Decimal Classification
Koha item type Reference Books
Holdings
Withdrawn status Lost status Source of classification or shelving scheme Damaged status Not for loan Home library Current Library Shelving location Date acquired Total checkouts Full call number Barcode Date last seen Copy number Price effective from Koha item type
    Dewey Decimal Classification     GRACE BIBLE COLLEGE GRACE BIBLE COLLEGE Encyclopedia 2018-07-02   503 KIN 004357 2025-05-01 c.1 2018-07-02 Reference Books
© Grace Bible College Library 2025